[Event "Washington Open, Open section"]
[Site "?"]
[Date "2024.05.26"]
[Round "3"]
[White "Beck, Alec"]
[Black "Palathingal, Rafael"]
[Result "1/2-1/2"]
[WhiteElo "2131"]
[BlackElo "1759"]
[Annotator "Rafael Palathingal"]
[PlyCount "140"]
[GameId "2066105704513638"]
[EventDate "2024.??.??"]
[SourceVersionDate "2020.12.21"]

{[%evp 0,140,44,26,23,20,27,-3,53,-9,24,2,12,21,4,1,34,18,8,23,26,24,24,24,32,15,40,27,46,39,48,44,38,18,0,37,15,14,30,29,41,39,39,49,34,27,28,33,49,44,43,40,48,49,56,35,46,46,45,58,51,55,86,82,77,69,75,54,90,21,92,103,42,57,35,87,79,86,71,31,36,0,83,71,73,96,67,110,86,85,85,93,69,86,89,12,93,73,93,73,105,103,101,35,4,1,1,0,0,6,0,9,0,0,0,0,0,0,0,0,0,0,0,0,0,0,0,0,0,0,0,0,0,0,0,0,0,0,0,0,0,0,0]} 1. d4 d5 2. Nf3 Nf6 3. c4 c6 {I am planning to enter a Semi-Slav after Nc3 by playing e6.} 4. Qc2 {I have never seen this line with Qc2.} e6 {I'll just do what I usually do in the Semi-Slav.} 5. g3 Bd6 6. Bg2 Nbd7 {Following the main line of the Semi-Slav, except he has a Bishop on g2.} 7. O-O O-O 8. Nbd2 e5 {I got this move from a game of my opponent versus Nikash Vemparala where the position was similar to the position that we're in now.} 9. dxe5 Nxe5 10. Nxe5 Bxe5 11. cxd5 Nxd5 {With this move I'm avoiding the IQP (Isolated Queen's Pawn) .} 12. Nc4 Bf6 13. Rd1 Qe7 $1 {This is a good move because I get out of the pin, and I stop him from going Bxd5 because after cxd5,Rxd5,Be6,Rd1,Rac8 his knight on c4 is lost.} 14. e4 $1 {This is a good move because it attacks my knight on d5, it gains some space in the center, and it prepares a future Bf4 and e5 where my bishop on f6 won't be happy.} Nb6 {Offering an exchange which he shouldn't accept because he has more space, and when you have more space, you should keep more pieces on the board.} 15. Ne3 $6 {I think this move is not that good because it is not a good place for the knight, it blocks the bishop on c1 from potentially going to f4, and there is a better square from which the knight could control more squares and obstruct my pieces, d6 is that square.} (15. Nd6 $1 {This is the best move in the computer's opinion and also mine. Here is a sample line from which you can see how many good moves you have to find as black to equalize:} Be6 16. Bf4 Rad8 17. e5 Bg5 18. Bxg5 Qxg5 19. Nxb7 Rxd1+ 20. Rxd1 Qxe5 21. Bxc6 h5 22. b3 Bg4 23. Rc1 Rc8 {now black is fine because of the counterplay against the white king and because of the pin on the c6 bishop and there are only 2 move to keep a +0.14-0.61 advantage.}) 15... Be6 16. Bd2 $6 {This is not the best place to develop the bishop, it is better to play} (16. f4 g6 17. e5 Bg7 18. b3 {and then Bb2 and the Bishop will be a good piece.}) 16... Rfd8 17. Bc3 $6 {This move allows too many trades which will help me solidify my position and get a draw.} Bxc3 18. Qxc3 Rxd1+ 19. Rxd1 Rd8 20. Rxd8+ Qxd8 21. b3 Qd6 {Just waiting around in this drawn endgame, but after further analysis, I realized that the best plan was :} (21... Nd7 22. f4 f6 23. h4 Qc7 24. Kh2 Qd6 25. a4 b5 26. axb5 cxb5 27. b4 Nb6 {This was the best plan because I wouldn't have to play passive if I went for this.}) 22. f4 f6 23. Bf1 Qa3 24. Qd2 Qe7 25. Kf2 Bd7 26. Bd3 Be6 27. Kf3 Qd7 28. Qc3 Bf7 29. Bf1 Be6 {So far so good, I've still kept it to a draw.} 30. h4 f5 $2 {I don't want to just sit and wait, but I'm pushing on the side where I'm worse, the kingside, so I shouldn't push f5, I should go} (30... h6 31. g4 Qd6 32. h5 Nd7 33. Bc4 Nf8 34. f5 Bxc4 35. Qxc4+ Kh7 36. Qf7 Nd7 37. Qg6+ Kg8 38. Qe8+ Kh7 39. Qg6+ Kg8 40. Qe8+ Kh7 41. Nc4 Qd3+ 42. Kf4 Qf1+ 43. Kg3 Qd3+ 44. Kf4 b5 45. Qg6+ Kg8 46. Qe8+ Nf8 47. e5 bxc4 48. e6 cxb3 49. axb3 Qd4+ 50. Kg3 Qd6+ 51. Kf3 Qc5 52. e7 Qc3+ 53. Kf4 Qb4+ 54. Ke3 Qxb3+ 55. Kd4 Qb4+ 56. Kd3 Qd6+ {1/2-1/2 I managed to push on the queenside, but he got enough counterplay to get a draw.}) 31. exf5 Bxf5 32. Qe5 $6 {This move doesn't win the a7 pawn, he should have gone;} (32. Qa5 Be6 33. Qxa7 {He wins the pawn and maybe even the game.}) 32... Be6 33. f5 Bf7 34. g4 Nd5 35. Qb8+ Be8 36. Bc4 $6 {This move is not that good because the threat of Bxd5+ and the threat of Qxa7 can easily be solved, better would have been} (36. Qe5 Nxe3 37. Kxe3 h6 38. g5 hxg5 39. hxg5 Qd8 40. f6 Bf7 41. Bd3 gxf6 42. gxf6 Kf8 43. Be4 a5 44. Qc5+ Ke8 {This position can be held, but there are some positions where you have to be really precise to hold on to the draw as black.}) 36... b5 $1 {I deal with the threat of Qxa7, and the threat of Bxd5 or Nxd5 at the same time.} 37. Bxd5+ cxd5 38. Qe5 Bf7 $2 {This move is bad because it allows the idea of Nc2-d4-e6 with a very strong passer after Bxe6,fxe6.} 39. Qd4 $6 {This move is not that good because the queen does nothing on d4 that it doesn't do on e5 except attacking the well defended pawn on a7.} a6 {I move my pawn to a6 to solidify my pawn on b5 and then he has no way to win this endgame because I have only one weakness, the d5 pawn which can't be attacked by more than 2 pieces and it is defended by my Queen on d7 and my Bishop on f7.} 40. b4 h6 41. g5 hxg5 42. hxg5 g6 43. fxg6 {It is a clear draw now because he didn't keep his passer with f6, he went fxg6 possibly miscalculating with like 10 minutes on the clock that I can hold this endgame a pawn down.} (43. f6 {This line is only +1. 42, but it is practically very hard to play this as black.} Qh3+ 44. Kf2 Qh2+ 45. Ng2 Qd6 46. a3 Qc7 47. Nf4 Qd6 48. Kf3 {It is so hard to keep your pieces passive when you see that your opponent will keep on maneuvering in this +1.97 position which I probably couldn't hold.}) 43... Qh3+ 44. Kf2 Bxg6 45. Qxd5+ Bf7 46. Qd8+ Kh7 47. Qe7 Kg8 48. Qd8+ Kh7 49. Qd3+ Bg6 50. Qd4 Qe6 51. Nd5 $2 {Now the g5 pawn is lost, and so are the winning chances for white.} Qf5+ 52. Nf4 Qxg5 53. Qd7+ Kh8 54. Nxg6+ Qxg6 55. Qh3+ Kg8 $1 {I noticed that in the Qg3,Qxg3+,Kxg3 line I will have Kg7 with distant opposition.} (55... Kg7 {This also works, but the defense is harder because it's not a simple distant opposition position..} 56. Qg3 Qxg3+ 57. Kxg3 Kf7 58. Kf3 Ke6 59. Ke4 Kd6 60. Kd4 Kc6 61. Ke5 Kb6 62. Kd6 a5 63. a3 axb4 64. axb4 Ka6 65. Kc6 Ka7 66. Kxb5 Kb7 {and it will be a draw.}) 56. Qg3 Qxg3+ 57. Kxg3 Kg7 {The opposition is here, so no win for white.} 58. Kf4 Kf6 59. Ke4 Ke6 60. Kd4 Kd6 61. a3 Kc6 62. Ke5 Kb6 63. Kd6 a5 64. Kd5 axb4 65. axb4 Ka6 66. Kc6 Ka7 67. Kxb5 Kb7 68. Kc4 Kc6 69. Kb3 Kb5 70. Kc3 Kc6 1/2-1/2

[Event "Washington Open, Open section"]
[Site "Redmond"]
[Date "2024.05.27"]
[Round "6"]
[White "Willy, Stephen"]
[Black "Hecht, Robby"]
[Result "1-0"]
[WhiteElo "2219"]
[BlackElo "2081"]
[Annotator "NM Stephen Willy"]
[PlyCount "37"]
[GameId "2066105704530023"]
[EventDate "2024.??.??"]
[SourceVersionDate "2020.12.21"]

{[%evp 0,37,41,49,11,29,21,20,8,12,0,21,36,-5,-13,5,2,-14,46,24,24,34,131,154,151,83,156,54,61,72,166,85,85,-96,475,431,905,1528,29995,29996]} 1. e4 e5 2. Nf3 Nc6 3. Nc3 Nf6 4. Bb5 {Not very interesting... or is it} Nd4 5. Bc4 Nxf3+ 6. gxf3 $5 {Why play Qxf3 when you can play gxf3} Bc5 7. d3 $6 {Rg1 was a better move order now he has some ideas with Nh5} (7. Rg1) 7... c6 8. Rg1 b5 $2 {No need to force my bishop to b3 it was better to keep ideas to play d5 with tempo} (8... g6 {Just safer and more simple in my opinion}) 9. Bb3 O-O {Here is where the fun begins $1} 10. f4 $1 {I don't need to be worried about him having some counterplay strike like d5 here with the bishop on b3 instead of c4.} Qb6 $2 {I can deal with the threat of Bxf2 very simply and now the queen also can't help with defense} (10... exf4) 11. Qf3 exf4 12. e5 {I wanted to kick the knight back and maybe have Ne4 ideas to join the attack in the future} (12. Bxf4 {Computer likes this even better because it prevents him from playing d5 like he did in the game}) 12... Re8 {I feel like there is no need to do this since the f6 knight is bad anyways and if it went to e8 at least it defends g7 and the rook defends f7.} 13. Bxf4 (13. Qxf4 {Just threatening Qxf6 is simpler I don't know why I didn't consider this super seriously} Rxe5+ {Decoy idea since my queen is defending the f2 pawn.} 14. Ne4 {And the threats on f6/f7 are too strong}) 13... d5 $1 {This was his plan with Re8 and I am lucky I haven't thrown away my advantage} 14. O-O-O Nd7 {Puzzle time $1 Find the combination I played that somehow took stockfish some time to fully understand its power.} 15. Rxg7+ $3 {No time to consolidate with Bf8 (that rhymes...)} Kxg7 16. Bh6+ $3 {King cannot take due to mate so I get my bishop in a key positon} Kh8 (16... Kxh6 17. Rg1 $1 {Not a check $1 I must cut the king from going back to the g-file and this is game over}) 17. Rg1 $1 {And this simply forces mate due to 2 key factors. 1. I control the g-file fully. 2. I control the g7 square. And both of those contribute to forced mate. (black resigns)} Bf8 {This move doesn't work due to the g-file} (17... Rg8 18. Rxg8+ Kxg8 19. Qg3+ Kh8 20. Qg7#) (17... Bxf2 18. Bg7+ $1 Kg8 19. Bf6+ $1 {If you don't defend g7 this pattern is the winning idea I saw} Bxg1 (19... Kf8 20. Rg8+ Kxg8 21. Qg4+ Kf8 22. Qg7#) 20. Qg4+ Kf8 21. Qg7#) (17... Nxe5 18. Qf6# $1) 18. Bxf8 Rxf8 (18... Nxf8 19. Qf6#) 19. Qg2 1-0

[Event "Reykjavik Open"]
[Site "Reykjavik"]
[Date "2024.03.20"]
[Round "8.54"]
[White "(IM) Haldorsen, Benjamin"]
[Black "Zhou, David"]
[Result "1/2-1/2"]
[WhiteElo "2426"]
[BlackElo "1954"]
[Annotator "David Zhou"]
[PlyCount "82"]
[GameId "2060674983617165"]
[EventDate "2024.03.15"]
[EventType "swiss"]
[EventRounds "9"]
[EventCountry "ISL"]
[SourceVersionDate "2020.12.21"]

{[%evp 0,82,29,25,47,59,65,42,52,43,51,23,48,37,37,16,16,30,41,40,26,44,46,46,93,57,52,48,48,53,28,12,5,5,60,-20,48,33,47,-12,60,43,38,38,44,40,35,26,37,50,39,41,37,25,34,28,11,-24,-17,-21,11,0,0,0,7,-12,-1,-48,0,-14,11,0,0,0,0,0,0,0,0,0,0,0,0,0,0] In the 8th round, I faced my strongest opponent of the tournament, an IM with a peak rating of 2477. This was my first time playing an IM in classical time controls and to add to the challenge, I had the black pieces against a player who has assayed nearly every reasonable first move.} 1. e4 c5 2. Nf3 e6 3. d4 cxd4 4. Nxd4 Nc6 5. Bf4 $5 {My opponent delivers the first surprise of the game. He had previously played several topical lines in both the open and closed Sicilians, but I was already on my own as early as move five.} (5. Nc3 Nf6 6. Bf4 {is a similar new idea that offers White a fresh position.}) 5... Qf6 (5... Qb6 $4 6. Nb5 e5 7. Be3 Qd8 8. N1c3 a6 9. Nd5 $1 {[%cal Ge3b6] is a typical way for Black to immediately lose on the dark squares.}) (5... d6 $5 6. Nb5 (6. Nc3 e5 7. Nxc6 bxc6 $11) (6. Nb3 Nf6 $11 {A Scheveningen position with Bf4 can't be bad for Black.}) 6... e5 7. Be3 Nf6 $11) 6. Be3 Bc5 7. c3 Nge7 $5 {My move invites White to change the character of the position.} 8. Nb5 $5 {White gains a strong outpost on d6 and stifles Black's queenside development, but in exchange, gives up the e5-outpost and central pawn flexibility.} Bxe3 9. Nd6+ Kf8 10. fxe3 Ne5 (10... Ng6 11. Be2 Qe5 12. Na3 $16 {With Nac4 coming next, White retains an iron grip on d6.}) 11. Nd2 h5 $5 {A useful move that supports a later Ng4, helps activate the uncastled kingside rook, and prevents any ideas of g2-g3.} 12. N2c4 $6 {The knight will prove to be unstable on c4.} (12. Nf3 $1 Ng4 (12... N7c6 13. Be2 Nxf3+ 14. gxf3 Qh4+ 15. Kd2 $18 {is an even worse position with queens still on the board.}) (12... Nxf3+ 13. gxf3 Qh4+ 14. Kd2 Nc6 15. Kc2 Qf2+ 16. Qe2 Qxe2+ 17. Bxe2 Ke7 18. Rad1 $18 {is a very tough endgame for Black after White's doubled pawns have been fixed.}) 13. Qd2 Qh6 14. Ke2 h4 (14... Nc6 $2 15. h3 $18) 15. h3 Nf6 $132 {Black retains good counterplay on the dark squares despite White's strong outpost.}) 12... N7c6 13. Qd2 $2 (13. Be2 Nxc4 $1 (13... Qg5 $6 14. O-O (14. Qd2 Qxg2 15. O-O-O Nxc4 16. Nxc4 Qxe4 17. Qd6+ Kg8 18. h4 $1 $44 {Despite Black's two extra pawns, his path to completing development remains unclear. In the meantime, White has easy moves to increase pressure on Black's king.}) 14... f6 (14... Ke7 $2 {[%cal Gd6f5]} 15. Nf5+ $1 $18) 15. Rf4 h4 {Black will struggle to develop his queenside, but he is not without counterplay on the kingside.}) 14. Bxc4 Qh4+ $1 {provoking a weakening of the light squares and a hook for a future h5-h4 before pivoting to the queenside.} 15. g3 Qd8 16. Rf1 f6 17. Qd2 Qc7 18. O-O-O Ke7 19. Nb5 Qb8 $11 {Black's king may look vulnerable on e7, but his excellent control of the dark squares and the outpost on e5 offer him a very solid position.}) 13... Qh4+ $1 14. Kd1 {The only move. Any queen trade will allow Black to comfortably park his king on e7 and slowly develop the queenside.} Ng4 15. Kc2 (15. g3 $5 {An engine move that attempts to counter Black's main idea on the next move. However, it is difficult to weaken one's own kingside and give Black counterplay with h5-h4. The struggle remains highly dynamic after} Qg5 16. h3 b5 $1 17. hxg4 bxc4 18. Bxc4 Ne5 19. Be2 Nxg4) 15... b5 $3 {The star move of the game without which Black's queen and knight sortie would simply be beaten back with a quick Be2 and Rf1. Black's main goal is to achieve Qh4-f2 without allowing White to avoid the trade of queens.} (15... Qf2 $2 {accomplishes nothing after} 16. Be2 $18) 16. Na3 (16. Nxb5 $2 Nf2 17. g3 Qxe4+ 18. Bd3 Qxd3+ 19. Qxd3 Nxd3 20. Kxd3 d5 $1 $17) (16. g3 $5 {My opponent spent nearly 30 minutes trying to make tactics work in this line, but it would have been more effective a move prior.} Qg5 17. h4 (17. h3 Nf6 18. Na3 a6 19. Bg2 Ne5 20. Raf1 Ne8 $1 $17 {If White does not voluntarily exchange knights, Black will break the blockade with Ke7 next.}) 17... Qc5 18. b4 Nxb4+ 19. cxb4 Qc6 20. e5 bxc4 21. Bg2 Qa4+ $19 {is a sample line that my opponent was looking at that we discussed in post mortem.}) 16... Qf2 {The safe and simple approach. Black's position willl be more comfortable after queens come off.} (16... a6 $5 {leaves Black with active pieces, but allows White to keep queens on the board.}) 17. Naxb5 $6 (17. Bxb5 {It made more sense to activate White's last piece.} Nxe3+ 18. Kc1 Qxd2+ 19. Kxd2 Ng4 (19... Nxg2 $4 {Taking the pawn will lead to trouble.} 20. Raf1 f6 21. Bxc6 dxc6 22. Nxc8 Rxc8 23. Rhg1 Nh4 24. Rf4 $18) 20. Bxc6 dxc6 21. h3 Ne5 22. Nac4 $11) 17... Nxe3+ (17... Ke7 $1 {A highly-instructive move that makes clear that White has no good way to improve his position or avoid the queen trade.} 18. Be2 Nxe3+ 19. Kc1 f6 $17) 18. Kc1 Ng4 $5 (18... Qxd2+ 19. Kxd2 Ng4 20. Be2 Nge5 $15 {is also very comfortable.}) 19. Be2 Qe3 (19... Qxg2 {My opponent thought I could take this pawn, but I didn't seriously consider it as the game quickly enters far more double-edged territory.} 20. Rf1 Nce5 21. Nc7 Rb8 22. Nxe6+ dxe6 23. Nxf7 Qxf1+ 24. Bxf1 Nxf7 $1 (24... Kxf7 $2 25. h3 Nf6 26. Qf4 $18) 25. Qd4 $1 {Black's lack of coordination and weak king provide White great chances despite the nominal material deficit.}) 20. h3 Qxd2+ 21. Kxd2 Nge5 22. Ke3 (22. g3 $6 {This strategically desirable move, preventing Black from fixing the kingside pawns as weaknesses, wastes a valuable tempo and allows Black to break the blockade on d6.} Ke7 23. Rad1 a6 24. Nc7 Ra7 25. Nxc8+ Rxc8 26. Nxa6 Rca8 27. Nc5 Rxa2 $15) 22... h4 $5 23. b4 Ke7 24. Rhd1 Ba6 (24... a5 $5 {My opponent was concerned about this move, but it allows him to immediately force a repetition.} 25. Nc7 (25. Nxc8+ $6 {This attempt to play on leads to trouble.} Rhxc8 26. Nd6 Rc7 27. b5 Nd8 (27... Na7 $1 {is even more accurate, with the point that} 28. b6 {is met by} Rxc3+ 29. Kd4 Rc2 30. bxa7 Kxd6 $1 $19) 28. a4 Rb8 $19 {[%cal Gb8b6] My opponent correctly assessed in this position that his protected passer is securely blocked and that I'll soon break the blockade on d6.}) 25... Ra7 26. Ncb5 Ra8 27. Nc7 $11) 25. a4 Rh6 26. Rab1 {Freeing the c-pawn to advance.} (26. Nxa7 $5 Rxa7 27. b5 Rg6 28. Kf2 Rg3 29. bxa6 Ra8 30. Rac1 g5 $11 {It's difficult for either side to make active plans here.}) 26... Rg6 27. Kf2 Rg3 28. c4 Rb8 $1 {White is nearly in zugzwang, but both players were approaching time trouble at this point with a dozen moves to go.} 29. c5 Bb7 $6 (29... g5 $1 {This is another instructive squeezing move that highlights White's lack of active plans.}) 30. Nd4 Nxd4 {After this exchange, we were both down to less than five minutes to make the remaining ten moves.} 31. Rxd4 Ba8 32. b5 $6 Rc3 33. b6 Bc6 $2 {With only a few minutes to make time control, I miss a simple tactic to reach a technically winning endgame.} (33... axb6 $1 34. cxb6 (34. Rxb6 Rf8 $17 {or any other rook move; c5 will fall next.}) 34... Rc6 {I missed this fork, picking up a pawn.} 35. Nc4 Nxc4 36. Rxc4 Rcxb6 37. Rxb6 Rxb6 38. a5 Rb2 $19) 34. Nb5 Rxc5 $2 (34... Bxb5 $1 {Having missed the simpler win on move 33, I was unlikely to find this more hidden win.} 35. Rxb5 a6 36. Rb2 Rxc5 37. Bxa6 Nc6 $1 $19 {The point is that after the rook retreats, Rc5-a5 will force the win of one of the queenside pawns.}) 35. Nxa7 Ra5 36. Nxc6+ Nxc6 {The dust has settled and White's connected passers are firmly blockaded, however, Black has no realistic plan to apply any further pressure on them.} (36... dxc6 $1 {is another way to keep the game going. White's pawns are firmly blockaded and he must contend with ideas of Nd7 and Kd8-c8-b7, attempting to win the b-pawn. A sample line if White decides to sit still is:} 37. Rdb4 Nd7 38. Ke3 Kd8 39. Bd3 Kc8 40. Be2 Kb7 41. Bd3 Rba8 $17) 37. Rc4 Ne5 38. Rcb4 Nc6 39. Rc4 Ne5 40. Rcb4 Nc6 {Having made the time control, I realized there were no more winning chances to pursue.} 41. Rc4 Ne5 {With this draw, I ended the Reykjavik Open with my personal best rating performance to date (over 2300 against an average opposition of 2200) and the prize for third highest performance of the tournament.} (41... f6 $5 {My opponent thought that I should continue to play on without risk, but I didn't see how I would create any real play.} 42. Ke3 Ne5 43. Rcb4 Kd8 44. Kf2 {White will always have a timely check when Black tries to cross the c-file.} Kc8 45. Rc1+ Kd8 46. Rcb1 $11) 1/2-1/2